El concepto de lo político: texto de 1932 con un prólogo y tres corolarios

I tiakina i:
Ngā taipitopito rārangi puna kōrero
Kaituhi matua: Schmitt, Carl, 1888-1985 (Author)
Hōputu: Pukapuka
Reo:Pāniora
I whakaputaina: Madrid Alianza 1998
Rangatū:Ciencias Sociales. Ensayo, 069
Ngā marau:
Ngā Tūtohu: Tāpirihia he Tūtohu
Kāore He Tūtohu, Me noho koe te mea tuatahi ki te tūtohu i tēnei pūkete!

MARC

LEADER 00000nam a2200000 a 4500
001 UCO7023
003 CL-VaPUC
008 001103e19980000SP |||||||||||||||||spa|d
082 0 4 |a 320  |b SCH  |2 21 
100 |a Schmitt, Carl,  |d 1888-1985  |e author  |9 258380 
245 1 3 |a El concepto de lo político: texto de 1932 con un prólogo y tres corolarios 
300 |a 153 p 
942 |c BK 
945 |d 20001103 00:00:00  |a vberengu 
260 |a Madrid  |b Alianza  |c 1998 
650 0 |a Ciencia política  |9 324218 
583 |a last modification  |c 20001103 00:00:00  |k Rodrigo Vera 
490 0 |a Ciencias Sociales. Ensayo, 069 
999 |c 292247  |d 292245 
952 |0 0  |1 0  |4 0  |6 320_000000000000000_SCH_1998  |7 0  |8 A  |9 342974  |a BIBEDU  |b BIBEDU  |d 2019-11-20  |i 3630358  |o 320 SCH 1998  |p 3630358  |r 2019-11-20  |w 2019-11-20  |y BK  |k FIL